Sports by Picture - Statistics

General Stats
  • This quiz has been taken 98 times
  • The average score is 10 of 15
Answer Stats
Picture Answer % Correct
Skateboarding
92%
American Football
91%
Cycling
90%
Fencing
85%
Archery
82%
Gymnastics
77%
Curling
74%
Paintball
71%
Polo
68%
Rowing
68%
Judo
63%
Rock climbing
63%
Croquet
42%
Racquetball
40%
Kickboxing
36%
No matching quizzes found
Score Distribution
Percent of People with Each Score
Percentile by Number Answered
Your Score History
You have not taken this quiz